| 000 | 00597nam a22001935i 4500 | ||
|---|---|---|---|
| 001 | 98940 | ||
| 003 | ES-MaACL | ||
| 007 | t| | ||
| 008 | 950915s1876 gw ||||1| eng d | ||
| 040 |
_aCAM _bspa _cCAM |
||
| 100 | 1 |
_aEdwards, Amelia Blandford. _946662 |
|
| 245 | 1 | 2 |
_aA night on the borders of the black forest / _cby Amelia B. Edwards. |
| 260 |
_aLeipzig : _bBernhard Tauchnitz, _c1876. |
||
| 300 |
_a302 p. ; _c16 cm. |
||
| 490 | 1 |
_aCollection of British authors ; _v1403 |
|
| 830 | 0 |
_aCollection of British authors ; _v1403 _9180703 |
|
| 852 |
_aES-MaACL _jG-11545 |
||
| 999 |
_c98940 _d98940 |
||